| 000 | 00364nam a2200133 a 4500 | ||
|---|---|---|---|
| 005 | 20140311163005.0 | ||
| 008 | 041028s19uu xx 00 eng d | ||
| 050 |
_aP 92.A7 _b.As73 1993 |
||
| 245 | _aAsian communication handbook/. | ||
| 300 |
_a524 p. : _c 26 cm. |
||
| 650 |
_aMass media _xAsia _xHandbooks,manuals, etc. |
||
| 942 |
_cBK _2lcc _kFOR |
||
| 999 |
_c39302 _d39302 |
||